Statistics for All 50k U.S. Cities on a Map by Letter - E

Click here to take the quiz!

General Stats

  • This quiz has been taken 284 times
  • The average score is 10 of 24

Answers on the Map

Answers color-coded by a green-red scale on the quiz's map according to % correct below.
Loading ...
 

Answer Stats

StatesPopulationCity% Correct
TX681,728El Paso
98%
OR172,622Eugene
84%
PA95,508Erie
83%
IN117,975Evansville
73%
WI68,802Eau Claire
63%
WA111,475Everett
61%
NJ129,295Elizabeth
55%
CA151,625Escondido
53%
IL73,473Evanston
52%
CA174,775Elk Grove
48%
IL110,849Elgin
44%
TX101,170Edinburg
42%
CA102,511El Cajon
38%
OK94,299Edmond
34%
IN52,358Elkhart
34%
CA115,487El Monte
28%
MN64,893Eden Prairie
28%
OH53,757Elyria
27%
MN52,857Edina
26%
NJ64,367East Orange
21%
MN66,372Eagan
16%
CA62,709Encinitas
16%
TX57,197Euless
10%
CA64,157Eastvale
4%

Score Distribution

Percentile by Number Answered

Percent of People with Each Score

Your Score History

You have not taken this quiz